The gardener; (Record no. 131637)
[ view plain ]
| 000 -LEADER | |
|---|---|
| fixed length control field | 00344nam a22001217a 4500 |
| 008 - FIXED-LENGTH DATA ELEMENTS--GENERAL INFORMATION | |
| fixed length control field | 230227b |||||||| |||| 00| 0 eng d |
| 050 ## - LIBRARY OF CONGRESS CALL NUMBER | |
| Classification number | PR6055.A893. |
| 100 ## - MAIN ENTRY--PERSONAL NAME | |
| Personal name | Tagore, Rabindranath |
| 9 (RLIN) | 40751 |
| 245 ## - TITLE STATEMENT | |
| Title | The gardener; |
| Statement of responsibility, etc | Tagore,Rabindranath |
| 260 ## - PUBLICATION, DISTRIBUTION, ETC. (IMPRINT) | |
| Place of publication, distribution, etc | London: |
| Name of publisher, distributor, etc | Macmillan and Co, |
| Date of publication, distribution, etc | 1913. |
| 300 ## - PHYSICAL DESCRIPTION | |
| Extent | 150p; |
| Dimensions | 19cm. |
| 942 ## - ADDED ENTRY ELEMENTS (KOHA) | |
| Source of classification or shelving scheme | Library of Congress Classification |
| Item type | Monograph ( Printed materials) |
| Withdrawn status | Lost status | Source of classification or shelving scheme | Damaged status | Not for loan | Home library | Current library | Shelving location | Date acquired | Total Checkouts | Full call number | Barcode | Date last seen | Price effective from | Koha item type |
|---|---|---|---|---|---|---|---|---|---|---|---|---|---|---|
| Library of Congress Classification | ARRUPE LIBRARY | ARRUPE LIBRARY | Main Collection | 27/02/2023 | PR6055.A893. | 46700000226 | 27/02/2023 | 27/02/2023 | Monograph ( Printed materials) |